अम्बेडकर- चिंतन / (Record no. 49950)
[ view plain ]
| 000 -LEADER | |
|---|---|
| fixed length control field | 02682nam a22003137a 4500 |
| 005 - DATE AND TIME OF LATEST TRANSACTION | |
| control field | 20101206113148.0 |
| 010 ## - LCCN (DPL NO) | |
| LC control number | HIN-91537 B-444023-027 |
| 020 ## - INTERNATIONAL STANDARD BOOK NUMBER | |
| Terms of availability | 1680.00 |
| International Standard Book Number | 9788184840759 |
| 035 ## - SYSTEM CONTROL NUMBER | |
| System control number | HN-63883 |
| 035 ## - SYSTEM CONTROL NUMBER | |
| System control number | B-444023-027 |
| 037 ## - SOURCE OF ACQUISITION | |
| Source of stock number/acquisition | DBAD/PUB |
| 037 ## - SOURCE OF ACQUISITION | |
| Source of stock number/acquisition | एलाईड पब्लिशर्स/ |
| 082 ## - DEWEY DECIMAL CLASSIFICATION NUMBER | |
| Classification number | 820.355 |
| 245 ## - TITLE STATEMENT | |
| Title | अम्बेडकर- चिंतन / |
| Statement of responsibility, etc | जीवितेश कुमार सिंह एवं सुशीला कुमारी द्वारा संपादित |
| 246 ## - VARYING FORM OF TITLE | |
| Title proper/short title | Ambedkar Chintan |
| Remainder of title | Ed by Jeevitesh Kumar Singh |
| 260 ## - PUBLICATION, DISTRIBUTION, ETC. (IMPRINT) | |
| Place of publication, distribution, etc | नई दिल्ली |
| Name of publisher, distributor, etc | रीगल पब्लिकेशन्स |
| Date of publication, distribution, etc | 2010 |
| 270 ## - ADDRESS | |
| Address | एफ-159, राजौरी गार्डन |
| City | नई दिल्ली |
| Postal code | 110027 |
| Telephone number | 45546396 |
| Electronic mail address | regalbookspub@yahoo.com |
| 300 ## - PHYSICAL DESCRIPTION | |
| Extent | xxviii,461पृ |
| Dimensions | 22सेमी (सजिल्द) |
| 700 ## - ADDED ENTRY--PERSONAL NAME | |
| 9 (RLIN) | 24599 |
| Personal name | जीवितेश कुमार सिंह |
| 700 ## - ADDED ENTRY--PERSONAL NAME | |
| Personal name | सुशीला कुमारी |
| 9 (RLIN) | 25390 |
| 942 ## - ADDED ENTRY ELEMENTS (KOHA) | |
| Source of classification or shelving scheme | Dewey Decimal Classification |
| Item type | Hindi Books |
| Call number suffix | अम्बेड |
| Classification part | 820.0355 |
| Withdrawn status | Lost status | Not for loan | Collection code | Home library | Current library | Date acquired | Source of acquisition | Cost, normal purchase price | Full call number | Barcode | Copy number | Cost, replacement price | Koha item type | Public note |
|---|---|---|---|---|---|---|---|---|---|---|---|---|---|---|
| Non-fiction | Central Library | Central Library | 27/12/2011 | एलाईड पब्लिशर्स/1117/22.9.11/8/15.9.11/4.10.11 | 1680.00 | 820.0355 अम्बेड | B-444023 | 2 | 1680.00 | Hindi Books | Legal Case (Register 2018) | |||
| Non-fiction | Central Library | Central Library | 27/12/2011 | एलाईड पब्लिशर्स/1117/22.9.11/8/15.9.11/4.10.11 | 1680.00 | 820.0355 अम्बेड | B-444024 | 2 | 1680.00 | Hindi Books | ||||
| Not For Loan | Non-fiction | D.B.Act.Division | D.B.Act.Division | 19/01/2011 | DBAD /PUB | 1680.00 | 820.0355अम्बेड | HN-63883 | 1 | 1680.00 | Hindi Books | |||
| Non-fiction | Patel Nagar | Patel Nagar | 27/12/2011 | एलाईड पब्लिशर्स/1117/22.9.11/8/15.9.11/4.10.11 | 1680.00 | 820.0355 अम्बेड | B-444025 | 1 | 1680.00 | Hindi Books | ||||
| Non-fiction | Sarojini Nagar | Sarojini Nagar | 27/12/2011 | एलाईड पब्लिशर्स/1117/22.9.11/8/15.9.11/4.10.11 | 1680.00 | 820.0355 अम्बेड | B-444026 | 1 | 1680.00 | Hindi Books | ||||
| Non-fiction | Shahdara Branch | Shahdara Branch | 27/12/2011 | एलाईड पब्लिशर्स/1117/22.9.11/8/15.9.11/4.10.11 | 1680.00 | 820.0355 अम्बेड | B-444027 | 1 | 1680.00 | Hindi Books |
